| 000 | 00755cam a2200241 a 4500 | ||
|---|---|---|---|
| 001 | 13884639 | ||
| 005 | 20180206042814.0 | ||
| 008 | 050228s2004 mnu 001 0 eng | ||
| 010 | _a 2005271714 | ||
| 020 | _a0314149287 | ||
| 040 |
_aDLC _cDLC _dDLC |
||
| 041 | _aeng | ||
| 043 | _an-us--- | ||
| 080 | _a341 | ||
| 082 | _2341 DOE | ||
| 100 | 1 | _a14 | |
| 101 | _aSHJ | ||
| 245 | 1 | 0 |
_aFederal courts, federalism, and separation of powers : _cby Donald L. Doernberg, C. Keith Wingate, Donald H. Zeigler. |
| 525 | _aKept up to date by supplements. | ||
| 906 |
_a7 _bcbc _corigcop _d2 _encip _f20 _gy-gencatlg |
||
| 942 |
_2ddc _cBK |
||
| 999 |
_c41895 _d41895 |
||